[Event "CRO-ch U19"]
[Site "Rabac"]
[Date "2003.??.??"]
[Round "1"]
[White "Brajdic, Danko"]
[Black "Brenc, Tomislav"]
[Result "1-0"]
[WhiteElo "2159"]
[BlackElo "1979"]
[PlyCount "89"]
[EventDate "2003.??.??"]
[EventType "swiss"]
[EventRounds "9"]
[EventCountry "CRO"]
[SourceTitle "EXT 2005"]
[Source "ChessBase"]
[SourceDate "2004.11.15"]
[SourceVersion "1"]
[SourceVersionDate "2004.11.15"]
[SourceQuality "1"]

1. d4 d5 2. c4 Nc6 3. Nf3 Bg4 4. Nc3 e6 5. e3 Nf6 6. Be2 a6 7. 0-0 Be7 8. b3 0-0 9. Bb2 Nb8 10. Rc1 Nbd7 11. Qc2 c6 12. Rfd1 Bd6 13. e4 dxe4 14. Nxe4 Nxe4 15. Qxe4 Nf6 16. Qe3 Qc7 17. Ne5 Bf5 18. h3 Rad8 19. g4 Bg6 20. h4 h5 21. Nxg6 fxg6 22. g5 Bf4 23. Qxe6+ Kh7 24. Rc2 Rde8 25. Qh3 Ng4 26. Bxg4 hxg4 27. Qxg4 Qe7 28. Qg2 Rf5 29. Bc1 Rh8 30. Rc3 Kg8 31. Rh3 Qe2 32. Rf1 Bxc1 33. Rxc1 Rf4 34. Re3 Qd2 35. Re8+ Kh7 36. Rce1 Rxe8 37. Rxe8 Qxd4 38. Re3 Qa1+ 39. Kh2 Qxa2 40. Rf3 Qd2 41. Qg3 Re4 42. Rd3 Qc1 43. h5 gxh5 44. Rd8 Rg4 45. Qd3+ 1-0

[Event "CRO-chT U20 12th"]
[Site "Rabac"]
[Date "2003.??.??"]
[Round "3"]
[White "Brajdic, Danko"]
[Black "Grandic, Zvjezdan"]
[Result "1/2-1/2"]
[WhiteElo "2159"]
[BlackElo "2269"]
[PlyCount "132"]
[EventDate "2003.??.??"]
[EventType "team-tourn"]
[EventRounds "9"]
[EventCountry "CRO"]
[SourceTitle "EXT 2005"]
[Source "ChessBase"]
[SourceDate "2004.11.15"]
[SourceVersion "1"]
[SourceVersionDate "2004.11.15"]
[SourceQuality "1"]

1. d4 c6 2. c4 d5 3. Nf3 g6 4. Nc3 Nf6 5. g3 Bg7 6. Bg2 Nbd7 7. cxd5 cxd5 8. 0-0 0-0 9. Bf4 Nb6 10. Rc1 Nh5 11. Bd2 Nc4 12. Be1 Bh6 13. e3 e6 14. b3 Nd6 15. g4 Ng7 16. Ne5 f5 17. f4 fxg4 18. Nxg4 Ngf5 19. Nxh6+ Nxh6 20. Bf2 Bd7 21. Qd2 Bc6 22. Qe2 a6 23. Kh1 Ne4 24. Qc2 Nxf2+ 25. Qxf2 Nf5 26. Rfe1 Rc8 27. Ne2 Rf7 28. Ng3 Qh4 29. Kg1 g5 30. Nxf5 Rxf5 31. Qxh4 gxh4 32. Kf2 Kf7 33. Bh3 Rf6 34. Rg1 Rg6 35. Rg4 Rxg4 36. Bxg4 Kf6 37. Kg2 Bd7 38. Rxc8 Bxc8 39. Kh3 Bd7 40. Kxh4 Bb5 41. Kg3 Bd3 42. Kf2 a5 43. a3 h6 44. Ke1 b6 45. Kd2 Be4 46. Kc3 Bg2 47. b4 axb4+ 48. Kxb4 Bf1 49. a4 Bd3 50. Kc3 Bg6 51. Kb4 Bd3 52. a5 bxa5+ 53. Kxa5 Bf5 54. Bf3 Ke7 55. Kb4 Kd6 56. Kc3 Ke7 57. Kd2 Kf6 58. Be2 Bg6 59. Bg4 Be4 60. Ke2 Bg6 61. Kf2 Ke7 62. Bf3 Kf6 63. e4 dxe4 64. Bg2 Be8 65. Bxe4 Bf7 66. Kg3 Be8 1/2-1/2